000 00259 a2200097 4500
001 13004
100 _aAnderson,S
245 _aWinesburg Ohio: Authoritative Text Backgrounds and Contexts Criticism
260 _a
_bW W Norton & Company
_c
090 _c10008
_d10008
942 _aNUST-CAE
_cM
_c13
999 _c248077
_d248077